000 00396nam a2200169Ia 4500
008 230524s9999 xx 000 0 und d
082 _a5
_bCOH
100 _aJames P.Cohoon
245 0 _a"C++ Program Design, "
250 _a3rd
260 _aNEW DELHI
_bTMH
_c2002
300 _aXXVIII;926
500 _aQuantity Number: 2
650 _aComp-Sc
700 _aJack W.Davidson
942 _cBK
999 _c36631
_d36631